000 01109nam a22002657a 4500
001 14479
003 BD-JhCC
005 20251208120153.0
008 251208b |||||||| |||| 00| 0 eng d
020 _a9789849439301
035 _a(BD-JhCC) 14479
040 _aBD-JhCC
_dBD-JhCC
041 _aeng
082 _223
_a327.12730092
_bSLO 2022
100 _aস্লোডেন, এডওয়ার্ড
245 _aপার্মানেন্ট রেকর্ড /
_cএডওয়ার্ড স্লোডেন, রুপান্তরঃ মাহজাবিন খান
246 _aPermanent Record
260 _aঢাকাঃ
_bপ্রজন্ম পাবলিকেশন্স,
_c২০২২
300 _a২২৪ পৃ.;
_c২২ সেমি.
_eপেপার বাইণ্ডিং
650 _aআত্মজীবনী
650 _aগোপনচর সংস্থা (NSA/CIA),
650 _aগোয়েন্দা কার্যক্রম
700 _aখান, মাহজাবিন
_q[ রুপান্তর ]
942 _2ddc
_cBK
999 _c14479
_d14479